Quiz o Starożytnej Grecji - Statystyki

Ogólne statystyki
  • Ten quiz został rozwiązany 48 razy
  • Średni wynik to 5 z 15
Statystyki odpowiedzi
Hint Odpowiedź % Poprawnych
Panatenaje, jakie boga było to święto Ateny
79%
Na jakiej wyspie panował legendarny władca Minos Kreta
67%
Król Persów podczas bitwy pod Termopilami Kserkses
49%
W jakim mieście odbywały się igrzyska olimpijskie w Starożytnej Grecji Olimpia
42%
Mityczny Kolos z .... Rodos
42%
Mieszkańcy Hellady to... Hellenowie
33%
Ilion, czyli inaczej Troja
33%
Filozof z Miletu, o kim mowa Tales z MIletu
30%
Kiedy odbyła się bitwa pod Mykale 479r. p.n.e
19%
Kto był dowódcą wojsk, które rozpoczęły szturm na wojska Perskie podczas bitwy pod Maratonem w 490r. p.n.e Miltiades/Kalimach(strateg)
19%
Kraina geograficzne w Azji mniejszej zamieszkiwana przez greków Jonia
14%
W jakiej krainie geograficznej leży Sparta Lakonia
14%
Z kim walczy Sparta podczas świętych wojen? Heloci
7%
Jak nazywa się tarcza, którą włada hoplita? Hoplon
5%
Najbardziej znany tyran, który panował w Atenach, jego tyrania była nazywana wręcz złotym okresem Aten, rządził w VII w. p.n.e Pizistrat
0%
Nie znaleziono quizów pasujących do podanych kryteriów
Rozkład punktacji
Procent ludzi z każdym wynikiem
Percentyl według liczby udzielonych odpowiedzi
Twoja historia wyników
Nie rozwiązałeś tego quizu